| 000 | 00474nam a2200109Ia 4500 | ||
|---|---|---|---|
| 008 | 160909s9999 xx 000 0 und d | ||
| 100 | _aMartinez, Ariel Fernando | ||
| 245 | 3 | _aAn Ultraconserved Brain-specific Enhancer within <i>ADGRL3</i> (<i>LPHN3</i>) Underpins the Susceptibility to Attention Deficit/Hyperactivity Disorder | |
| 260 |
_bThe George Washington University. _c2016 |
||
| 650 | _aPSYCHOLOGY | ||
| 856 | _uhttp://pqdtopen.proquest.com/doc/1806516084.html?FMT=ABS | ||
| 999 |
_c304131 _d304131 |
||